| 000 | 00612nam a2200205 4500 | ||
|---|---|---|---|
| 003 | OSt | ||
| 005 | 20240705070343.0 | ||
| 006 | a | ||
| 008 | 240705b |||||||| |||| 00| 0 eng d | ||
| 020 | _a9780071262347 | ||
| 040 |
_aDWCL-Main lib. _cOC |
||
| 082 |
_2Second edition _aCirc. 658.7 B786s 2007 |
||
| 100 | _aBowersox, Donald J. | ||
| 245 | _aSupply chain logistics management / | ||
| 260 |
_aBoston : _bMcGraw-Hill/Irwin, _cc2007. |
||
| 300 |
_axiv, _b410p.: ill.; _c25 cm. |
||
| 504 | _aIncludes bibliographical references. | ||
| 650 | _a1. Business Letter Logistics. | ||
| 942 |
_2ddc _n0 _cBK-CIRC _kCirc. |
||
| 999 |
_c2033 _d2033 |
||